|
|
|
|
| LEADER |
00866nam a22002532a 4500 |
| 001 |
000331985 |
| 003 |
CZ BrMZK |
| 005 |
20110824211424.0 |
| 007 |
ta |
| 008 |
980115s1982 xo f slo d |
| 040 |
|
|
|a ABA001
|b cze
|c ABA001
|d ABA001
|
| 041 |
1 |
|
|a slo
|h rus
|
| 100 |
1 |
|
|a Lenin, Vladimir Il‘jič,
|d 1870-1924
|7 jn19981001737
|4 aut
|
| 245 |
1 |
0 |
|a Zobrané spisy.
|n Zv. 15,
|p Február-jún 1907 /
|c Vladimir Iljič Lenin ; z rus. orig. prel. Edita Ščipová
|
| 246 |
3 |
0 |
|a Február-jún 1907
|
| 250 |
|
|
|a 2. slov. vyd.
|
| 260 |
|
|
|a Bratislava :
|b Pravda,
|c 1982
|
| 300 |
|
|
|a 677 s. ;
|c 8°
|
| 500 |
|
|
|a Přeloženo z ruštiny
|
| 765 |
0 |
|
|t Polnoje sobranije sočinenij, tom 15
|9 Slovensky
|
| 910 |
|
|
|a BOA001
|b 2-0807.315,15
|
| 990 |
|
|
|a BK
|
| 991 |
|
|
|b 201108
|
| 996 |
7 |
|
|b 2619840749
|c 2-0807.315,15
|l MZK
|r Sklad / do 1 hodiny
|n 0
|w 000331985
|u 000010
|a 1
|e BOA001
|j MZK50
|s A
|